Bibó István összegyűjtött munkái 1. [köt.].
Elmentve itt :
| Szerző: | |
|---|---|
| További közreműködők: | |
| Adatforrás: | Philobibl |
| Dokumentumtípus: | Kötet |
| Nyelv: | magyar |
| Kulcsszavak: | politikaelmélet kisebbségi kérdés közigazgatás demokrácia |
| LEADER | 00658nad a2200205 cc4500 | ||
|---|---|---|---|
| 001 | bibPHI0033463aa | ||
| 005 | 20200924123159.1 | ||
| 008 | 081204m19811984sz hun | ||
| 100 | 1 | |a Bibó István | |
| 245 | 1 | 0 | |a Bibó István összegyűjtött munkái |n 1. [köt.]. |c [sajtó alá rend. Kemény István, Sárközi Mátyás ; előszó Szöllősi Árpád ; bev. Szabó Zoltán] |
| 300 | |a 319 p. | ||
| 695 | |a politikaelmélet | ||
| 695 | |a kisebbségi kérdés | ||
| 695 | |a közigazgatás | ||
| 695 | |a demokrácia | ||
| 700 | 1 | |a Kemény István | |
| 700 | 1 | |a Sárközi Mátyás | |
| 700 | 1 | |a Szöllősi Árpád | |
| 700 | 1 | |a Szabó Zoltán | |
| 773 | 0 | |w bibPHI0033463 | |